000 00338nam a22001457a 4500
008 210526b ||||| |||| 00| 0 eng d
020 _a9780766828667
041 _aeng
080 _23rd
_a338
082 _a338
100 _a53
101 _aMEN
245 _aHealth Promotion in the Workplace
_cMichael P. O'Donnell
942 _2udc
_cBK
999 _c57616
_d57616